W poszukiwaniu optymalnej stopy inflacji.
Autorky hľadajú odpoveď na otázku, do akej miery z ekonomického hľadiska možno a treba obmedzovať infláciu. Spätosť medzi infláciou a nezamestnanosťou v trhovej ekonomike. Závislosť medzi nimi v procese transformácie v Poľsku. Optimálna miera inflácie. Záverečená úvaha o optimálnej miere inflácie.
Guardado en:
| Autor principal: | |
|---|---|
| Otros Autores: | |
| Formato: | Capítulo de libro |
| Lenguaje: | polaco |
| Materias: | |
| Etiquetas: |
Sin Etiquetas, Sea el primero en etiquetar este registro!
|
MARC
| LEADER | 00000naa a2200000 4500 | ||
|---|---|---|---|
| 001 | r007684 | ||
| 005 | 20221125122758.9 | ||
| 041 | 0 | |a pol | |
| 044 | |a PL | ||
| 245 | 1 | 0 | |a W poszukiwaniu optymalnej stopy inflacji. |c E. Dzwonik-Wróbel, Z. Szpringer |
| 520 | |a Autorky hľadajú odpoveď na otázku, do akej miery z ekonomického hľadiska možno a treba obmedzovať infláciu. Spätosť medzi infláciou a nezamestnanosťou v trhovej ekonomike. Závislosť medzi nimi v procese transformácie v Poľsku. Optimálna miera inflácie. Záverečená úvaha o optimálnej miere inflácie. | ||
| 610 | 2 | 0 | |a inflácia |
| 610 | 2 | 0 | |a nezamestnanosť |
| 610 | 2 | 0 | |a hospodárstvo trhové |
| 610 | 2 | 0 | |a reformy hospodárske |
| 610 | 2 | 0 | |a PR |
| 100 | 1 | |a Dzwonik-Wróbel, E. | |
| 700 | 1 | |a Szpringer, Z. | |